000 00301nam a22001217a 4500
003 OSt
008 250128b |||||||| |||| 00| 0 eng d
041 _aeng
100 _aBarlee Thomas
_97018
245 _aIntroduction to Computer Science
260 _bMc Graw Hill and Company Ltd,
_c1983.
942 _cBK
999 _c19170
_d19170